ERROR Konverze - Nevyplneno 245

Saved in:
Bibliographic Details
Format: Serial
Published: 1981
Tags: Add Tag
No Tags, Be the first to tag this record!

MARC

LEADER 00000nas a22000003a 4500
001 stu72036
005 20141121231246.1
008 011106s1981----------------------------d
040 |a STU  |b slo 
041 0
245 1 |a ERROR Konverze - Nevyplneno 245 
260 |c 1981 
500 |a 1981 
500 |a 12 
500 |a 1-12 
773 0 |w stu_us_cat*stu72035  |7 nnas 
996 |d Roč. 24, 1981  |v Roč. 24  |y 1981  |l II680  |s A  |a 24  |w stu72036_0005